<?xml version="1.0" encoding="UTF-8"?>
<record
    xmlns:xsi="http://www.w3.org/2001/XMLSchema-instance"
    xsi:schemaLocation="http://www.loc.gov/MARC21/slim http://www.loc.gov/standards/marcxml/schema/MARC21slim.xsd"
    xmlns="http://www.loc.gov/MARC21/slim">

  <leader>01712cam a2200493 i 4500</leader>
  <controlfield tag="001">vtls000723730</controlfield>
  <controlfield tag="003">PNM</controlfield>
  <controlfield tag="005">20221220143922.0</controlfield>
  <controlfield tag="008">160506s2013    my     g      000 f may  </controlfield>
  <datafield tag="015" ind1=" " ind2=" ">
    <subfield code="a">M15-03044</subfield>
  </datafield>
  <datafield tag="020" ind1=" " ind2=" ">
    <subfield code="a">9789671188279</subfield>
    <subfield code="q">paperback</subfield>
    <subfield code="c">RM00.00</subfield>
  </datafield>
  <datafield tag="039" ind1=" " ind2="9">
    <subfield code="a">201605061332</subfield>
    <subfield code="b">VLOAD</subfield>
    <subfield code="c">201510191645</subfield>
    <subfield code="d">anis_o</subfield>
    <subfield code="c">201510191513</subfield>
    <subfield code="d">ndiana</subfield>
    <subfield code="c">201506011635</subfield>
    <subfield code="d">nooraini</subfield>
  </datafield>
  <datafield tag="040" ind1=" " ind2=" ">
    <subfield code="a">BNM</subfield>
    <subfield code="b">eng</subfield>
    <subfield code="c">PNM</subfield>
    <subfield code="d">BNM</subfield>
    <subfield code="d">PPAK</subfield>
    <subfield code="e">rda</subfield>
  </datafield>
  <datafield tag="049" ind1=" " ind2=" ">
    <subfield code="a">klpmal</subfield>
  </datafield>
  <datafield tag="082" ind1="0" ind2="4">
    <subfield code="a">899.2333</subfield>
    <subfield code="2">23</subfield>
  </datafield>
  <datafield tag="090" ind1="0" ind2="0">
    <subfield code="a">899.2333</subfield>
    <subfield code="b">DAY</subfield>
    <subfield code="d">G</subfield>
  </datafield>
  <datafield tag="100" ind1="0" ind2=" ">
    <subfield code="a">Dayana Darwisy,</subfield>
    <subfield code="e">author.</subfield>
  </datafield>
  <datafield tag="245" ind1="1" ind2="0">
    <subfield code="a">Si Pencuri Hati /</subfield>
    <subfield code="c">Dayana Darwisy</subfield>
  </datafield>
  <datafield tag="264" ind1=" " ind2="1">
    <subfield code="a">Kuala Lumpur :</subfield>
    <subfield code="b">Love Novel Enter[rise,</subfield>
    <subfield code="c">2013</subfield>
  </datafield>
  <datafield tag="300" ind1=" " ind2=" ">
    <subfield code="a">608 pages ;</subfield>
    <subfield code="c">19 cm</subfield>
  </datafield>
  <datafield tag="336" ind1=" " ind2=" ">
    <subfield code="a">text</subfield>
    <subfield code="2">rdacontent</subfield>
  </datafield>
  <datafield tag="337" ind1=" " ind2=" ">
    <subfield code="a">unmediated</subfield>
    <subfield code="2">rdamedia</subfield>
  </datafield>
  <datafield tag="338" ind1=" " ind2=" ">
    <subfield code="a">volume</subfield>
    <subfield code="2">rdacarrier</subfield>
  </datafield>
  <datafield tag="650" ind1="1" ind2="0">
    <subfield code="a">Malaysian fiction (Malay)</subfield>
  </datafield>
  <datafield tag="650" ind1="2" ind2="0">
    <subfield code="a">Malay fiction</subfield>
  </datafield>
  <datafield tag="776" ind1="0" ind2=" ">
    <subfield code="i">Also issued as:</subfield>
    <subfield code="a">Dayana Darwisy.</subfield>
    <subfield code="t">Si Pencuri Hati.</subfield>
    <subfield code="d">Kuala Lumpur : LOVE NOVEL ENTERPRISE, [2013?].</subfield>
    <subfield code="h">1 computer disc (608 pages) ; 12 cm.</subfield>
    <subfield code="o">M15-08109.</subfield>
    <subfield code="z">9789670657257 eISBN</subfield>
  </datafield>
  <datafield tag="942" ind1=" " ind2=" ">
    <subfield code="2">ddc</subfield>
    <subfield code="c">B</subfield>
  </datafield>
  <datafield tag="949" ind1=" " ind2=" ">
    <subfield code="6">3000038319</subfield>
    <subfield code="a">899.2333 DAY M</subfield>
  </datafield>
  <datafield tag="949" ind1=" " ind2=" ">
    <subfield code="6">2000412599</subfield>
    <subfield code="a">899.2333 DAY M </subfield>
    <subfield code="e">2182185</subfield>
  </datafield>
  <datafield tag="949" ind1=" " ind2=" ">
    <subfield code="6">2000412600</subfield>
    <subfield code="a">899.2333 DAY M </subfield>
    <subfield code="e">2182186</subfield>
  </datafield>
  <datafield tag="949" ind1=" " ind2=" ">
    <subfield code="6">1001177776</subfield>
    <subfield code="e">2182187</subfield>
  </datafield>
  <datafield tag="949" ind1=" " ind2=" ">
    <subfield code="6">1001177777</subfield>
    <subfield code="e">2182188</subfield>
  </datafield>
  <datafield tag="949" ind1=" " ind2=" ">
    <subfield code="6">1001177778</subfield>
    <subfield code="e">2182189</subfield>
    <subfield code="s">6700:20200623</subfield>
  </datafield>
  <datafield tag="949" ind1=" " ind2=" ">
    <subfield code="6">1001177779</subfield>
    <subfield code="e">2182190</subfield>
  </datafield>
  <datafield tag="949" ind1=" " ind2=" ">
    <subfield code="6">1001177780</subfield>
    <subfield code="e">2182191</subfield>
  </datafield>
  <datafield tag="949" ind1=" " ind2=" ">
    <subfield code="6">1001177781</subfield>
    <subfield code="e">2182192</subfield>
  </datafield>
  <datafield tag="949" ind1=" " ind2=" ">
    <subfield code="6">1001177782</subfield>
    <subfield code="e">2182193</subfield>
  </datafield>
  <datafield tag="949" ind1=" " ind2=" ">
    <subfield code="6">1001177783</subfield>
    <subfield code="e">2182194</subfield>
  </datafield>
  <datafield tag="949" ind1=" " ind2=" ">
    <subfield code="6">1001177784</subfield>
    <subfield code="e">2182195</subfield>
  </datafield>
  <datafield tag="949" ind1=" " ind2=" ">
    <subfield code="6">1001177785</subfield>
    <subfield code="e">2182196</subfield>
  </datafield>
  <datafield tag="949" ind1=" " ind2=" ">
    <subfield code="6">1001177786</subfield>
    <subfield code="e">2182197</subfield>
  </datafield>
  <datafield tag="949" ind1=" " ind2=" ">
    <subfield code="6">1001177787</subfield>
    <subfield code="e">2182198</subfield>
    <subfield code="s">6700:20211027</subfield>
  </datafield>
  <datafield tag="949" ind1=" " ind2=" ">
    <subfield code="6">1001177788</subfield>
    <subfield code="e">2182199</subfield>
  </datafield>
  <datafield tag="999" ind1=" " ind2=" ">
    <subfield code="c">189424</subfield>
    <subfield code="d">189424</subfield>
  </datafield>
  <datafield tag="952" ind1=" " ind2=" ">
    <subfield code="0">0</subfield>
    <subfield code="7">0</subfield>
    <subfield code="b">PPAK</subfield>
    <subfield code="c">G</subfield>
    <subfield code="d">2022-12-13</subfield>
    <subfield code="l">6</subfield>
    <subfield code="o">899.2333 DAY</subfield>
    <subfield code="p">A00746920</subfield>
    <subfield code="q">2026-05-18</subfield>
    <subfield code="r">2026-04-27 17:36:39</subfield>
    <subfield code="s">2026-04-27</subfield>
    <subfield code="y">B</subfield>
  </datafield>
</record>
